| 000 | 00586nam a22001937a 4500 | ||
|---|---|---|---|
| 003 | CEME | ||
| 005 | 20210628205934.0 | ||
| 008 | 210209b xxu||||| |||| 00| 0 eng d | ||
| 020 | _a0-7680-0029-7 | ||
| 040 | _c. | ||
| 082 | _a629.231 AER | ||
| 100 |
_aHucho, Wolf-Heinrich _977554 |
||
| 245 | _aAerodynamics of road vehicles from fluid mechanics to vehicle engineering | ||
| 250 | _a4TH | ||
| 260 |
_aUSA _bSAE INTERNATIONAL _c1998 |
||
| 300 | _a918P | ||
| 650 |
_aFLUID MECHANICS TO VEHICLE ENGINEERING VEHICLE ENGINEERING MOTOR VEHICLES-AERODYNAMICS _977555 |
||
| 942 |
_cBK _2ddc |
||
| 999 |
_c582814 _d582814 |
||